The Uffizi, Florence /

Great Museums of the World [Grandes museos del mundo] y Great Paintings of the World [Grandes pinturas del mundo] son dos series publicadas en la década de 1950 por la entonces recién fundada editorial neoyorquina Harry N. Abrams (1949), el primer sello estadounidense especializado en la creación y...

Πλήρης περιγραφή

Αποθηκεύτηκε σε:
Λεπτομέρειες βιβλιογραφικής εγγραφής
Κύριος συγγραφέας: Rossi, Filippo (texto)
Άλλοι συγγραφείς: Fox, Milton S. (edición) (edición)
Μορφή: Βιβλίο
Γλώσσα:Αγγλικά
Έκδοση: Nueva York, EUA : Harry N. Abrams, 1957, c1957
Σειρά:(Great Museums of the World)
Θέματα:
Ετικέτες: Προσθήκη ετικέτας
Δεν υπάρχουν, Καταχωρήστε ετικέτα πρώτοι!

MARC

LEADER 00000nam^a2200000^a^4500
001 000357636
005 20250526000000.0
009 20260310115306.816
037 |a Acervo Xavier Clavigero 
041 |a ING 
082 |a 708.  |b GRE UFF 
100 |a Rossi, Filippo  |e (texto) 
245 1 4 |a The Uffizi, Florence /  |c F. Rossi ; ed. de la serie de M.S. Fox. 
264 4 |a Nueva York, EUA :  |b Harry N. Abrams,  |c 1957, c1957 
300 |a 60 p. ;  |c 38.0 cm. 
336 |a texto  |b txt  |2 rdacontenido 
337 |a sin mediación  |b n  |2 rdamedio 
338 |a volumen  |b nc  |2 rdasoporte 
440 1 |a (Great Museums of the World) 
520 |a Great Museums of the World [Grandes museos del mundo] y Great Paintings of the World [Grandes pinturas del mundo] son dos series publicadas en la década de 1950 por la entonces recién fundada editorial neoyorquina Harry N. Abrams (1949), el primer sello estadounidense especializado en la creación y distribución de libros de arte. Ambas series están dedicadas a varios de los mejores museos de arte de Europa y Estados Unidos, bajo un mismo diseño: con un formato parecido a una carpeta tamaño legal, un breve texto introductorio, reproducciones en blanco y negro y láminas a color de los ejemplos más notables seleccionados de cada una de esas colecciones. La única diferencia radica en que los volúmenes de la primera serie son antologías de colecciones de arte en general y los de la segunda están centrados en colecciones pictóricas. 
520 |a El presente volumen, perteneciente a la serie Great Paintings of the World, está dedicado a la Galería de los Uffizi, establecida formalmente como museo en 1765 en Florencia, Italia. Filippo Rozzi, directivo de los museos de las provincias de Florencia, Arezzo y Pistoia, introduce al lector a una selección de la colección pictórica del recinto florentino, que comprende muestras de las escuelas alemana, flamenca, holandesa y sobre todo, italiana, de los siglos XIV al XVI. La antología contiene 23 láminas y una reproducción en la cubierta a colores. 
546 |a Edición gráfica con texto en inglés 
649 |a XX 
650 |a Museos y Galerías -  |z Florencia, Italia -  |x Colecciones -  |x Tema Principal 
650 |a Museos y Galerías -  |z Italia -  |x Colecciones 
650 |a Pintura Europea -  |z Florencia, Italia -  |x Colecciones -  |x Tema Principal 
650 |a Pintura Europea -  |z Italia -  |x Colecciones 
650 |a Pintura Europea -  |x Historia y Crítica 
650 |a Arte Europeo -  |z Florencia, Italia -  |x Colecciones 
650 |a Arte Europeo -  |z Italia -  |x Colecciones 
650 |a Arte Europeo -  |x Historia y Crítica 
650 |a Galería de los Uffizi -  |x Colecciones -  |x Tema Principal 
700 |a Fox, Milton S.  |e (edición) 
910 |a Fondo General 
920 |a Impresos - Libros 
930 |a Libros Antiguos y Raros 
905 |a 108 
901 |a 066759  |b IT2  |c LRA  |u 20250526 
902 |a https://opac.biblio.iteso.mx/vufind/Record/000357636